BIBLIOTHÈQUE DE LA MAISON DU MEXIQUE

Logo 1 Logo 2

Galardonados con la medalla de honor "Belisario Domínguez" (notice nᵒ 12279)

détails MARC
000 -Sello discográfico
campo de control de longitud fija 00816nam a2200277 4500
005 - Identificación de versión
campo de control 20250925141643.0
035 ## - Otros números de control del sistema
Número de control del sistema 27468
099 ## - fechas locales
Tipo de ítem Koha LIBRO
100 ## - Datos de procesamiento general
Datos de procesamiento general 20010102d19971989m y1spay5003 ba
105 ## - Campo de datos codificados: Material textual, monográfico
Datos codificados de monografía a 001zy
200 1# - Título y mención de responsabilidad
Título propio Galardonados con la medalla de honor "Belisario Domínguez"
Designación general del material texto impreso
Primer mención de responsabilidad Presentación J. Genovevo Figueroa Zamudio
205 ## - Declaración de edición
Declaración de edición 2a ed
210 ## - Publicación, distribución, etc.
Lugar de publicación, distribución, etc. México
Nombre del editor, distribuidor, etc. Senado de la República
Fecha de publicación, distribución, etc. 1997
215 ## - Descripción física
Designación de material específico y extensión del ítem 518 p
Otras características físicas fot.
Dimensiones 23 cm
345 ## - Nota de información de adquisición
Fuente de adquisición/dirección de la suscripción [OBSOLETO] Donación de la SEP
606 ## - Término temático usado como materia
Elemento de entrada Premios
Subdivisión geográfica México
Número Koha 18928
660 ## - Código de área geográfica
Código MX
702 ## - Nombre personal - Responsabilidad secundaria
Elemento de entrada Figueroa Zamudio
Parte del nombre distinta del elemento de entrada Jaime Genovevo
Fechas 1940-
Número Koha 18929
801 #0 - Fuente de origen
Agencia cm
900 ## -
-- 1/905
900 ## -
-- 7100112687\020101
942 ## - ELEMENTOS DE ENTRADA SECUNDARIOS (KOHA)
Tipo de ítem Koha Livre
996 ## -
-- MEX
-- 751145101
-- MMAG
-- 007666
-- 929.81 G146
-- 20230314LIV
Exemplaires
Estatus retirado Estado de daño Estado de pérdida Fecha de adquisición Biblioteca de origen Biblioteca actual Ubicación en estantería Código de barras Precio de reemplazo Signatura topográfica completa No para préstamo Tipo de ítem Koha Nota pública Nota no pública
      05/08/2025 Casa México Paris Casa México Paris   007666 05/08/2025 929.81 G146   Livre 20230314LIV 751145101